000 01706nam a2200277 a 4500
001 77758
003 BD-RjUL
005 20211209083023.0
008 210106s2010 bg ||||| m||| 00| 0 ben d
035 _a(BD-RjUL)77984
040 _aBD-RjUL
_bben/eng
_dBD-RjUL
041 _aben
082 _a378.5492
_bBAB 2010
_223
100 _aবানু, মোছা. নাছিমা আখতার
_9243344
245 1 0 _aবাংলাদেশে উচ্চ শিক্ষার প্রসার :
_bসমস্যা ও সম্ভাবনা /
_cমোছা. নাছিমা আখতার বানু ;
_6গবেষণা তত্বাবধায়ক : মোহাম্মদ শাফি
260 _aরাজশাহী :
_bইতিহাস বিভাগ, রাজশাহী বিশ্ববিদ্যালয়,
_c২০১০
300 _ax, ৩৮৬ পাতা ;
_c২৮ সেমি.
502 _aথিসিস (এম. ফিল.)-- ইতিহাস বিভাগ, রাজশাহী বিশ্ববিদ্যালয়, ২০১০
504 _aগ্রন্থপঞ্জি: পাতা [৩৭০]-৩৮৬
650 _aশিক্ষা, উচ্চ
_zবাংলাদেশ
_xইতিহাস
_9243433
650 _aEducation, Higher
_zBangladesh
_xHistory
_9243434
650 _aবিশ্ববিদ্যালয় ও কলেজ
_zবাংলাদেশ
_xপ্রশাসন
_9243435
650 _aUniversities and colleges
_zBangladesh
_xAdministration
_9243436
700 _aশাফি, মোহাম্মদ, গবেষণা তত্বাবধায়ক
_9242396
942 _2ddc
_cTHE
999 _c77758
_d77758